| 000 | 00724nam a2200241 i 4500 | ||
|---|---|---|---|
| 001 | 15005 | ||
| 003 | ES-MaACL | ||
| 005 | 20231222205013.0 | ||
| 007 | t| | ||
| 008 | 991129s1989 sp ||||1| spa d | ||
| 020 | _a84-264-1191-6 | ||
| 080 | _a821.131.1 | ||
| 100 | 1 |
_aGinzburg, Natalia. _957148 |
|
| 245 | 1 | 0 |
_aQuerido Miguel / _cNatalia Ginzburg ; traducción de Carmen Martín Gaite. |
| 250 | _a1ª ed. | ||
| 260 |
_aBarcelona : _bLumen, _c1989. |
||
| 300 |
_a153 p. ; _c21 cm. |
||
| 490 | 1 |
_aPalabra en el tiempo ; _v191 |
|
| 700 | 1 |
_aMartín Gaite, Carmen, _d1925-2000 _977496 |
|
| 830 | 0 |
_aPalabra en el tiempo ; _v191 _9177857 |
|
| 852 |
_aES-MaACL _jL-22203 _bR.127463 |
||
| 999 |
_c15005 _d15005 |
||